000 00955nam a22002417a 4500
005 20240530110548.0
008 160208s2013 ua a g b 000 0 ara d
017 _a2012/17298
_bمصر . دار الكتب المصرية
020 _a9789771028208
040 _aEG-CaGPL
082 0 4 _221
_a658.312404\
_bس ف
100 0 _aسالى زكى محمد حسين .
245 1 0 _aفن التدريب الابداعى =
_bthe art of creative training : البرنامج الكامل لتاهيل و صناعة المدرب المحترف /
_cتاليف سالى زكى محمد حسين .
250 _aط1.
260 _aالقاهرة :
_bدار لفكر العربى ،
_c2013 .
300 _a304 ص ؛
_c24 سم .
504 _aببليوجرافية : ص 289 - 298
650 0 4 _aالابداع .
650 0 4 _aالتفكير الابداعى .
650 0 4 _aالتدريب .
942 _2ddc
_cBK
999 _c62398
_d62398